Action Hero - Statistics

General Stats
  • This quiz has been taken 13 times
  • The average score is 19 of 24
Answer Stats
Picture Hint Answer % Correct
Enter the Dragon/The Way of the Dragon Bruce Lee
100%
Rush Hour/Police Story Jackie Chan
100%
The Matrix/John Wick Keanu Reeves
100%
Tomb Raider/Mr. & Mrs. Smith Angelina Jolie
91%
Die Hard/Unbreakable Bruce Willis
91%
Walker Texas Ranger/Delta Force Chuck Norris
91%
A Fistful of Dollars/Dirty Harry Clint Eastwood
91%
The Transporter/The Expendables Jason Statham
91%
007 Sean Connery
91%
Rocky/Rambo Sylvester Stallone
91%
Fast & Furious/Riddick Vin Diesel
91%
Terminator/Commando Arnold Schwarzenegger
82%
Star Wars/Indiana Jones Harrison Ford
82%
Kickboxer/Bloodsport Jean-Claude Van Damme
82%
Taken/Non-Stop Liam Neeson
82%
Blade/Demolition Man Wesley Snipes
82%
True Grit/Rio Bravo John Wayne
73%
Mad Max/Lethal Weapon Mel Gibson
73%
Ben-Hur/Planet of the Apes Charlton Heston
64%
Unleashed/Once Upon a Time in China Jet Li
64%
Escape from New York/The Thing Kurt Russell
64%
UCM/Lucy Scarlett Johansson
64%
Resident Evil/The Fifth Element Milla Jovovich
45%
Death Wish/The Great Escape Charles Bronson
36%
No matching quizzes found
Score Distribution
Percent of People with Each Score
Percentile by Number Answered
Your Score History
You have not taken this quiz